000 00775cam a2200277 4500
008 090401t1996 xxu||||| |||| 00| 0 eng d
020 _a0860174492
035 _a(Sirsi) u58175
041 _aeng
050 _a628.15
100 _aDorn, R.
245 _aWater mains : guidance on assessment and inspection techniques.
260 _aLondon
_bCIRIA
_c1996
300 _a190p. : ill.,maps ; 30cm .
350 _a68
490 _aCIRIA Report
_v162
650 _aPIPELINES
650 _aWATER MAINS
690 _aBUILDING AND CONSTRUCTION-REPAIRS AND MAINTENANCE
700 _aHowsam, P.
700 _aHyde, R.A.
700 _aJarvis, M.G.
710 _aConstruction Industry Research and Information Association
_94810
942 _n0
948 _c04/03/1997
999 _c94037
_d94037